Honduras: formas de autogestión en el agro
Recopilación bibliográfica de publicaciones y documentos elaborados por el proyecto FAO/PROCCARA sobre autogestión campesina en Honduras. Analiza los documentos de forma tal que permitan dar una visión clara del desarrollo de las empresas asociativas campesinas en el país./ACM
Guardat en:
| Autor principal: | |
|---|---|
| Format: | Text |
| Publicat: |
Tegucigalpa :
PROCCARA,
|
| Matèries: | |
| Etiquetes: |
Afegir etiqueta
Sense etiquetes, Sigues el primer a etiquetar aquest registre!
|
MARC
| LEADER | 00000 a a2200000 04500 | ||
|---|---|---|---|
| 001 | 20052 | ||
| 003 | |||
| 040 | |||
| 090 | |a 0002 P978h | ||
| 100 | |a Puga, Gonzalo | ||
| 245 | |a Honduras: formas de autogestión en el agro | ||
| 260 | |a Tegucigalpa : |b PROCCARA, | ||
| 300 | |a 65 p. | ||
| 520 | |a Recopilación bibliográfica de publicaciones y documentos elaborados por el proyecto FAO/PROCCARA sobre autogestión campesina en Honduras. Analiza los documentos de forma tal que permitan dar una visión clara del desarrollo de las empresas asociativas campesinas en el país./ACM | ||
| 650 | |a HONDURAS | ||
| 650 | |a EMPRESAS AGRICOLAS | ||
| 650 | |a COOPERATIVAS AGRICOLAS | ||
| 650 | |a COOPERATIVAS DE PRODUCCION | ||
| 650 | |a AUTOGESTION OBRERA | ||
| 999 | |c 590 |d 590 | ||
